| 000 | 00498nam a2200181Ia 4500 | ||
|---|---|---|---|
| 001 | 17056 | ||
| 005 | 20260306170357.0 | ||
| 008 | 260306t2015||||xx |||||||||||||| ||und|| | ||
| 041 | _aESP | ||
| 082 |
_a657.45 _bA64 T. 2 |
||
| 100 |
_aApaza Meza, Mario _eAUT |
||
| 245 | 0 | _aAuditoría financiera basada en las normas internacionales de auditoria conforme a las NIIF T. II | |
| 260 | _c2015 | ||
| 300 |
_a613 páginas : _c25 cm. |
||
| 650 | _aGEN | ||
| 654 | _aCCO | ||
| 942 |
_cLIB _dJUS _fJUS _2ddc _n |
||
| 999 |
_c17056 _d17056 |
||